Electronic and radio engineering (Record no. 241108)

MARC details
000 -LEADER
fixed length control field 00676nam a22002177a 4500
005 - DATE AND TIME OF LATEST TRANSACTION
control field 20260401163756.0
008 - FIXED-LENGTH DATA ELEMENTS--GENERAL INFORMATION
fixed length control field 260401b |||||||| |||| 00| 0 eng d
020 ## - INTERNATIONAL STANDARD BOOK NUMBER
International Standard Book Number 9789352604746
040 ## - CATALOGING SOURCE
Transcribing agency AL
041 ## - LANGUAGE CODE
Language code of text/sound track or separate title English
082 ## - DEWEY DECIMAL CLASSIFICATION NUMBER
Classification number 621.384
Item number TERE
100 ## - MAIN ENTRY--PERSONAL NAME
Personal name Frederick Emmons Terman
100 ## - MAIN ENTRY--PERSONAL NAME
9 (RLIN) 260042
245 ## - TITLE STATEMENT
Title Electronic and radio engineering
250 ## - EDITION STATEMENT
Edition statement 4.
260 ## - PUBLICATION, DISTRIBUTION, ETC.
Place of publication, distribution, etc. Chennai
Name of publisher, distributor, etc. McGraw Hill Education (India) Private Limited
Date of publication, distribution, etc. 2016
300 ## - PHYSICAL DESCRIPTION
Extent v,1078p.
Other physical details PB
Dimensions 22.5x15cm
365 ## - TRADE PRICE
Price type code VBI-2645
Price amount ₹896.25
Currency code
Unit of pricing ₹1195.00
Price note 25%
Price effective from 20-02-2026
650 ## - SUBJECT ADDED ENTRY--TOPICAL TERM
Topical term or geographic name entry element Electronic Engineering
9 (RLIN) 260043
650 ## - SUBJECT ADDED ENTRY--TOPICAL TERM
Topical term or geographic name entry element Radio Engineering and Radio Systems
9 (RLIN) 260044
942 ## - ADDED ENTRY ELEMENTS (KOHA)
Source of classification or shelving scheme Dewey Decimal Classification
Koha item type Book
Holdings
Withdrawn status Lost status Source of classification or shelving scheme Damaged status Not for loan Collection code Home library Current library Date acquired Source of acquisition Cost, normal purchase price Total Checkouts Full call number Barcode Date last seen Cost, replacement price Price effective from Koha item type
    Dewey Decimal Classification     Electronics and Communication Engineering St Aloysius Engineering Library St Aloysius Engineering Library 03/25/2026 Vidyarthi Books 896.25   621.384 TERE SE000383 04/01/2026 1195.00 02/20/2026 Book